O sapo e o canto do melro (Registo nº 2139)

Detalhes MARC
000 -Etiqueta do registo
Cabeçalho 00851nam a22003011 4500
005 - Identificador da versão
Campo de controlo 20240813121926.0
095 ## -
-- PTBN01005863
010 ## - Número internacional normalizado dos livros (ISBN)
Número (ISBN) 9722111639
021 ## - Número do Depósito Legal
Código do país PT
Número 118321/97
100 ## - Dados gerais de processamento
Dados gerais de processamento 20010914d1997 a y0pory5003 ba
102 ## - Pais de publicação ou produção
País de publicação Portugal
101 1# - Língua de publicação
Língua do texto, banda sonora, etc. Português
Língua do documento no original Inglês
106 ## - Campo de dados codificados: material textual
Dados codificados do material textual r
105 ## - Campo de dados codificados: livros
Dados codificados dos livros a z 000ay
215 ## - Descrição física 
Indicação específica da natureza do documento e extensão da espécie [26] p.
Outras indicações físicas todo il.
Dimensões 24 cm
200 1# - Titulo e menção de responsabilidade
Título próprio O sapo e o canto do melro
Primeira menção de responsabilidade Max Velthuijs
Outras menções de responsabilidade trad. José Oliveira
225 2# - Colecção 
Título próprio da colecção Livros do arco-íris
210 ## - Publicação, Distribuição, etc. 
Lugar da edição, distribuição, etc. Lisboa
Nome do editor, distribuidor, etc. Caminho
Data da publicação, distribuição, etc. imp. 1997
304 ## - Notas relativas a título e menção de responsabilidade 
Texto da nota Tít. orig.: Frog and the Birdsong
606 ## - Nome comum usado como assunto
Número de registo de entrada de autoridade 0000634
Palavra de ordem Literatura estrangeira juvenil
Subdivisão de assunto Conto
675 ## - Classificação Decimal Universal (CDU)
Notação 82-34
Edição
Língua da edição por
702 #1 - Nome de autor-pessoa física (responsabilidade secundária)
Número de registo de entrada de autoridade 0000551
Palavra de ordem Oliveira
Outra parte do nome não tomada para palavra de ordem José
Código de função Tradutor
700 #1 - Nome de autor-pessoa física (responsabilidade principal)
Número de registo de entrada de autoridade 0000909
Palavra de ordem Velthuijs
Outra parte do nome não tomada para palavra de ordem Max
942 ## - Elementos de entrada adicionados (Koha)
Tipo de item no Koha Livro
Exemplares
Situação do levantamento Origin of item (home branch) (coded) Biblioteca de empréstimo Código de barras Cota Circulation type (not for loan) Tipo de documento Nota do exemplar Damaged status
  Biblioteca Escolar da Coca Maravilhas Biblioteca Escolar da Coca Maravilhas BECM5076/01 8EST VEL   Livro Sem mensagem